Kuvavisa: Pohjois-Amerikan suurimmat T:llä alkavat kaupungit - Statistics

Yleistilastot
  • Tätä visaa on pelattu 22 kertaa
  • Keskiarvotulos 5 / 16
Vastaustilastot
Kuvavisa Hint Vastaus % Oikein
🇨🇦 5 650 000 Toronto
100%
🇺🇸 400 000 Tampa
75%
🇭🇳 1 130 000 Tegucigalpa
75%
🇲🇽 1 810 000 Tijuana
58%
🇺🇸 550 000 Tucson
58%
🇺🇸 270 000 Toledo
50%
🇲🇽 220 000 Toluca (Toluca de Lerdo)
25%
🇲🇽 300 000 Tampico
17%
🇺🇸 410 000 Tulsa
17%
🇲🇽 660 000 {Tlalne}pantla
8%
🇲🇽 650 000 {Tlaque}paque (San Pedro {Tlaque}paque)
8%
🇲🇽 690 000 Torreón
8%
🇲🇽 580 000 {Tuxtla} Gutiérrez
8%
🇲🇽 290 000 Tehuacán
0%
🇲🇽 370 000 Tepic
0%
🇲🇽 440 000 Tonalá
0%
Ehtoja vastaavia visoja ei löytynyt
Tulosjakauma
Jokaisen tuloksen saaneiden osuus
Persentiili vastausten määrän mukaan
Tuloshistoriasi
Et ole pelannut tätä visaa